000 01160nam a22002297a 4500
999 _c819
_d819
003 AR-CdUCM
008 190225b ||||| |||| 00| 0 spa d
040 _aMUNICIPALIDAD PROVINCIAL DEL CUSCO
_cBIBLIOTECA MUNICIPAL DEL CUSCO
082 _a985.04 /
_bV494
100 _aVergara Arias, Gustavo
_93102
245 _aMontoneras y Guerrilleras en la Etapa de la Emancipación del Perú (1820-1825)
260 _aPerú :
_bImprenta y Litografía "Salesiana" ;
_c1974.
300 _a262 páginas
_bilustraciones, mapas y cuadros
_c24cm
505 _aFuentes para el estudio de las montoneras y las partidas de guerrillas -- La denominación de montoneras y partidas de guerrillas -- Organización de las partidas de guerrillas -- Labor y comportamiento de las partidas de guerrillas
650 _adocumentos de archivo de San Martín
_93103
650 _ala historia inédita de Cartagena
_93104
650 _ahistoriadores de la etapa de la Emancipación
_93105
650 _ala derrota del batallón de Huánuco y las partidas
_93106
650 _alas partidas y el sitio a los Castillos del Callao
_93107
942 _2ddc
_cLIBROS
945 _anom
_d2019-02-25